Gua̕ de intervencin̤ familiar en casos de separacin̤, divorcio y proteccin̤ de menores

Detalles Bibliográficos
Autor principal: Nieto Morales, Concepcin̤
Otros Autores: Torres Reviriego, Mara̕ del Rosario, Zamora Segovia, Mara̕ Luisa, Hernando Ramos, Susana
Formato: eBook
Lenguaje:español
Publicado: Madrid: Dykinson, 2016
Materias:
Acceso en línea:Acceso restringido

MARC

LEADER 00000nam a22000007a 4500
005 20170307214359.0
007 cr|||| ||||
008 170307s2016 es |||||s|||| 00||0 spa d
020 |a 978-84-9085-967-4 
035 |a 14809 
040 |a vLex 
090 |c 6581  |d 6581 
100 1 |a Nieto Morales, Concepcin̤ 
245 1 0 |a Gua̕ de intervencin̤ familiar en casos de separacin̤, divorcio y proteccin̤ de menores  |h [Recurso electrn̤ico] /  |c Concepcin̤ Nieto Morales, Mara̕ del Rosario Torres Reviriego, Mara̕ Luisa Zamora Segovia, Susana Hernando Ramos 
256 |a Servicio en ln̕ea 
260 |a Madrid:  |b Dykinson,  |c 2016 
300 |a 1 recurso electrn̤ico 
506 1 |a Disponible solo en los productos indicados  |d vLex Global  |d vLex Global (Academic Edition, excluding Law Schools)  |d vLex Global (U.S. Academic Edition, Law Schools)  |d vLex Global (U.S. Academic Edition, excluding Law Schools)  |d vLex Global (Academic Edition, Law Schools) 
650 0 4 |a Derecho Civil  |z Espaą 
700 1 |a Torres Reviriego, Mara̕ del Rosario 
700 1 |a Zamora Segovia, Mara̕ Luisa 
700 1 |a Hernando Ramos, Susana 
740 0 |a vLex Libros (Servicio en ln̕ea) 
856 4 0 |u http://vlex.com/source/guia-intervencion-familiar-14809  |z Acceso restringido 
942 |c BOOK 
999 0 |a Civil Law